Leaders of the Soviet Union - Statistics

General Stats
  • This quiz has been taken 28 times
  • The average score is 5 of 9
Answer Stats
Years Answer % Correct
Formation-1924 Lenin
100%
1924-1953 Stalin
100%
1985-1991 Gorbachev
85%
1982-1984 Andropov
73%
1964-1982 Brezhnev
62%
1955-1964 Khrushchev
46%
1984-1985 Chernenko
31%
1953-1955 Malenkov
23%
1991 Yanayev
0%
No matching quizzes found
Score Distribution
Percent of People with Each Score
Percentile by Number Answered
Your Score History
You have not taken this quiz